000 00590nam a22002177a 4500
003 NALT
005 20220209115526.0
008 s2006 eng d
020 _a0071460802
040 _aNALT
041 _aeng
050 _aHF 5726
_bP63M 2006
100 1 _aPoe, Roy W.
_956622
245 1 0 _aThe McGraw-Hill handbook of business letters /
_cRoy W. Poe.
250 _a4th ed.
260 _aNew York :
_bMcGraw Hill,
_c2006
300 _a205 p. ;
_c23 cm.
650 0 4 _aCommercial correspondence -- Handbooks, manuals, etc.
850 _aNALT
942 _cGB
_2lcc
999 _c46401
_d46401
998 _j109
_k อารีรัตน์ วิชาช่าง